| 000 | 00822cam a2200265 a 4500 | ||
|---|---|---|---|
| 001 | 000014561 | ||
| 005 | 20200929163853.0 | ||
| 008 | 770708s1976 sp a b 000 0 spa | ||
| 020 | _a8432505528 | ||
| 035 | _a(DLC) 77465382 | ||
| 040 |
_aDO-SdBNP _cDLC _dDLC |
||
| 082 |
_a302.3 _bA6347d |
||
| 100 | 1 |
_aAnton, Julio _932960 |
|
| 245 | 1 | 0 |
_aDinámica de grupo Antón 78 / _cJulio Anton. |
| 246 | 3 | _aDinámica de grupo Antón setenta y ocho | |
| 260 |
_aMadrid : _bDoncel, _c1976. |
||
| 300 |
_a207 p. : _bil. ; _c18 cm. |
||
| 490 | 1 |
_aEl libro de bolsillo Doncel _v88 |
|
| 504 | _aBibliografías: 205-207. | ||
| 650 | 4 |
_aDinámica de grupos _913555 |
|
| 650 | 4 |
_aSociología de la educación _97856 |
|
| 830 | 0 |
_aEl libro de bolsillo Doncel ; _v88 _98628 |
|
| 910 | _aCatalogación por copia / LC | ||
| 049 | _aBNGR | ||
| 999 |
_c14148 _d14148 |
||